00491nam a22001577a 4500003000500000005001700005008004100022020001800063040000600081082001500087100004800102245006500150260004100215300000900256650006800265CEME20210628205019.0210203b xxu||||| |||| 00| 0 eng d a1-86064-901-7 c. a320.06 BEN aBenthall, Jonathan, Bellion-Jourdan, Jerome aThe Charitable Crescent, Politics Of Aid In The Muslim World aNEW YORKbI.B TAURIS PUBLISHERc2003 a190P aTHE CHARITABLE CRESCENT AND POLITICS OF AID IN THE MUSLIM WORLD